000 00804nam a22001817a 4500
999 _c63375
_d63375
003 Ge_BSU
005 20250926154547.0
008 250926s1972 ge ||||| |||| 00| 0 geo d
041 _ageo
080 _a331.103:63(479.22) ბ-13
100 _aბაბილოძე, კასიანე
_925874
245 _aშრომის მეცნიერული ორგანიზაცია სოფლის მეურნეობაში /
_cკასიანე ბაბილოძე.
264 _aბათუმი :
_bსაბჭოთა აჭარა,
_c 1972.
300 _a95 გვ. ;
_b17 სმ.
653 _aსოფლის მეურნეობა
653 _aმეცნიერული ორგანიზაცია.
942 _2udc
_cᲬᲘᲒᲜᲘ